00000000nam##2200000za#4500
0019.641870
003CaOODSP
00520210624223426
007cr |||||||||||
008150407|1985||||xxc|||||o    f|0| 0 fre|d
040 |aCaOODSP|bfre
043 |an-cn---
0861 |aM27-73/1985F-PDF
1101 |aCanada. |bÉnergie, mines et ressources Canada.
24510|aL'énergie des régions pionnières canadiennes : |h[ressource électronique]|bun cadre d'investissement et de création d'emplois
260 |aOttawa - Ontario : |bÉnergie, mines et ressources Canada |cc1985.
300 |a23p.|bcarte
500 |aLe n° de catalogue (M27-73/1985F) et l'ISBN (0-662-93481-4) de l'édition imprimée ont été incorrectement copiés dans l'édition pdf.
590 |a13-12-Supp|b2013-05-10
69107|aDisponibilités énergétiques|2gcpds
69107|aFrontière|2gcpds
77508|tCanada's energy frontiers : |w(CaOODSP)9.697869
85640|ahttp://publications.gc.ca|qPDF|s1.49 Mo|uhttps://publications.gc.ca/collections/collection_2013/rncan-nrcan/M27-73-1985-fra.pdf